00610nam a22001937a 4500003000400000005001700004008004100021020001800062040003400080082002400114100003700138245003900175250004500214264003100259300002800290490003300318650003200351830003300383OSt20220613083508.0180228s2017 pe 000 0 spa  a9786124262609 cBiblioteca Municipal de Cusco a869.57/G186CbG186C aGamboa, Jeremíasd1975-eautor aContarlo todo /cJeremías Gamboa aPrimera edición, primera reimpresión 1aLima :bDebolsillo,c2020. a507 páginas ;c19 cm. aContemporánea / Debolsillo aNovelas peruanasySiglo XXI aContemporánea (Debolsillo)